000 00499nam a2200157Ia 4500
008 090124s9999 xx 000 0 und d
082 _b33822
245 _a शिशिरपालवी
250 _a0
260 _b"जयदीप प्रकाशन, पुणे"
300 _a140
630 _a शिशिरपालवी
700 _aदिवेकर कल्याणी व कोरगावकर भाल
730 _a शिशिरपालवी
942 _cBOOK
999 _c99703
_d99703